[Event "Offene Hessische Senioren Einzelmeisters"]
[Site "Bad Sooden- Allendorf"]
[Date "2011.04.30"]
[Round "1.29"]
[White "Stimpel, Franz"]
[Black "Klüver, Horst"]
[Result "1-0"]
[WhiteElo "2189"]
[BlackElo "1902"]
[PlyCount "111"]
[EventDate "2011.??.??"]

1. d4 d5 2. c4 e6 3. Nc3 c6 4. Nf3 Nf6 5. e3 Be7 6. Qc2 Nbd7 7. b3 O-O 8. Bd3
Re8 9. O-O Nf8 10. Bb2 Bd7 11. Rfd1 Rc8 12. e4 dxe4 13. Nxe4 Nxe4 14. Bxe4 Bf6
15. Ne5 Rc7 16. f4 Bc8 17. Rd3 Qe7 18. Re1 g6 19. Nf3 Bg7 20. Rdd1 f5 21. Bd3
Bf6 22. Qf2 Qg7 23. Ne5 Rd8 24. Be2 Bxe5 25. dxe5 Rxd1 26. Rxd1 c5 27. Bf3 b6
28. Rd6 Qe7 29. Qe2 Kf7 30. a3 Bb7 31. Bxb7 Rxb7 32. b4 Nd7 33. Bc3 Rc7 34. Qd3
Ke8 35. b5 Kf7 36. a4 Nf8 37. a5 Rb7 38. Be1 Ke8 39. Qf3 Kf7 40. Bh4 Qc7 41.
Bd8 Qc8 42. Qc6 Qa8 43. Bc7 Qc8 44. axb6 axb6 45. Bxb6 Qa8 46. h3 Qa1+ 47. Kh2
Re7 48. Bxc5 Qc1 49. Rd4 Qe3 50. Qf3 Qxf3 51. gxf3 Rd7 52. Bd6 Rb7 53. Bxf8
Kxf8 54. Rd6 Ke7 55. b6 h5 56. Kg3 1-0

[Event "Offene Hessische Senioren Einzelmeisters"]
[Site "Bad Sooden- Allendorf"]
[Date "2011.04.30"]
[Round "1.30"]
[White "Ninic, Milutin"]
[Black "Petzold, Dr. Hans"]
[Result "0-1"]
[WhiteElo "1890"]
[BlackElo "2157"]
[PlyCount "62"]
[EventDate "2011.??.??"]

1. Nf3 d6 2. c4 e5 3. Nc3 f5 4. d3 Nc6 5. g3 Nf6 6. Bg2 Be7 7. O-O O-O 8. e3
Qe8 9. a3 Bd7 10. b4 Qh5 11. b5 Nd8 12. Nd5 Nxd5 13. cxd5 Bxb5 14. Rb1 Ba6 15.
Re1 Nf7 16. Qb3 Rae8 17. Bd2 Bd8 18. Rec1 b6 19. Rc3 Bc8 20. Rbc1 Re7 21. Qa4
a5 22. Qc6 e4 23. Nd4 Bd7 24. Qb7 Ne5 25. Rxc7 Bxc7 26. Rxc7 Qd1+ 27. Bf1 Qxd2
28. Qxb6 f4 29. Rc2 Nf3+ 30. Nxf3 Qxc2 31. dxe4 fxg3 0-1

[Event "Offene Hessische Senioren Einzelmeisters"]
[Site "Bad Sooden- Allendorf"]
[Date "2011.04.30"]
[Round "1.31"]
[White "Kopp, Dr. Peter"]
[Black "Claus, Joachim"]
[Result "1-0"]
[WhiteElo "2126"]
[BlackElo "1855"]
[PlyCount "59"]
[EventDate "2011.??.??"]

1. e4 g6 2. d3 Bg7 3. g3 d6 4. Bg2 Nf6 5. c3 c5 6. Nf3 Nc6 7. O-O O-O 8. Re1 e5
9. a3 a5 10. a4 Bd7 11. Na3 Na7 12. Qb3 Rb8 13. Nd2 b5 14. axb5 Nxb5 15. Nxb5
Bxb5 16. Qc2 a4 17. c4 Bc6 18. Nb1 Qb6 19. Nc3 Qb3 20. Qxb3 axb3 21. Ra6 Rfc8
22. Bh3 Rc7 23. Bg5 Ne8 24. Rea1 h6 25. Bd2 Bf8 26. Nb1 Kg7 27. Ba5 Bb7 28.
Bxc7 Nxc7 29. Rb6 Be7 30. Ra7 1-0

[Event "Offene Hessische Senioren Einzelmeisters"]
[Site "Bad Sooden- Allendorf"]
[Date "2011.04.30"]
[Round "1.32"]
[White "Kienel, Norbert"]
[Black "Kripp, Wolfgang"]
[Result "1-0"]
[WhiteElo "1875"]
[BlackElo "2153"]
[PlyCount "63"]
[EventDate "2011.??.??"]

1. d4 d5 2. c4 e6 3. Nc3 Nf6 4. Nf3 c6 5. e3 Nbd7 6. Bd3 Bd6 7. O-O O-O 8. e4
dxc4 9. Bxc4 b5 10. Bd3 b4 11. Ne2 e5 12. Bg5 h6 13. Bh4 g5 14. Bg3 Qe7 15. Qc2
Bb7 16. dxe5 Nxe5 17. Nxe5 Bxe5 18. Bxe5 Qxe5 19. f4 gxf4 20. Rxf4 Rad8 21.
Raf1 Nh7 22. Bc4 Ng5 23. h4 Ne6 24. Rf5 Qd6 25. Qc1 Nd4 26. Nxd4 Qxd4+ 27. Kh1
Qd2 28. Qxd2 Rxd2 29. Rxf7 Rxf7 30. Rxf7 Rd4 31. Bb3 Ba6 32. Rd7+ 1-0

[Event "Offene Hessische Senioren Einzelmeisters"]
[Site "Bad Sooden- Allendorf"]
[Date "2011.04.30"]
[Round "1.33"]
[White "Oud, Niek"]
[Black "Thormann, Werner"]
[Result "1-0"]
[WhiteElo "2023"]
[BlackElo "1636"]
[PlyCount "69"]
[EventDate "2011.??.??"]

1. d4 Nf6 2. c4 g6 3. Nc3 Bg7 4. e4 d6 5. Nf3 Nbd7 6. Be2 c5 7. O-O cxd4 8.
Nxd4 Nc5 9. f3 a5 10. Be3 Bd7 11. Ndb5 Qc8 12. Rb1 Bxb5 13. Nxb5 O-O 14. b3
Nfd7 15. a3 Ne5 16. f4 Nc6 17. e5 Na7 18. Nxa7 Rxa7 19. b4 axb4 20. axb4 Ra3
21. Bc1 Ra2 22. bxc5 Qxc5+ 23. Kh1 dxe5 24. fxe5 Qxe5 25. Bf3 Qf5 26. Qb3 Qa5
27. Bb2 Ra8 28. Bxg7 Kxg7 29. Qxb7 Ra7 30. Qb5 Qd2 31. Qe5+ f6 32. Qe6 g5 33.
Rb8 Qd3 34. Rg8+ Kh6 35. Qh3# 1-0

[Event "Offene Hessische Senioren Einzelmeisters"]
[Site "Bad Sooden- Allendorf"]
[Date "2011.04.30"]
[Round "1.34"]
[White "Papenkordt, Karl-Hermann"]
[Black "Blab, Ludwig"]
[Result "0-1"]
[WhiteElo "1906"]
[BlackElo "2146"]
[PlyCount "96"]
[EventDate "2011.??.??"]

1. c4 c5 2. Nc3 Nc6 3. Nf3 g6 4. g3 Bg7 5. Bg2 Nf6 6. O-O O-O 7. d3 d6 8. a3 h6
9. Bd2 Be6 10. Rb1 Qc8 11. b4 Rb8 12. Re1 Bh3 13. Bh1 Nd7 14. Nd5 Re8 15. bxc5
dxc5 16. Qc1 Kh7 17. Bc3 e5 18. Nd2 Be6 19. f4 Bg4 20. Nf3 Nd4 21. Nxd4 exd4
22. e4 dxc3 23. Bg2 Bd4+ 24. Kh1 f6 25. Nxc3 Nb6 26. Nb5 Qd8 27. Nxa7 Bd7 28.
Nb5 Bc6 29. Qd2 Nc8 30. a4 Ra8 31. Qa2 Re7 32. Bh3 f5 33. Bg2 Qd7 34. h3 b6 35.
Kh2 Bxb5 36. Rxb5 Nd6 37. Rxb6 Rxa4 38. Qb3 Ra7 39. e5 $11 Ne8 40. Bc6 Qc7 41.
Rb1 Ng7 42. Bd5 h5 43. Rb8 Ne6 44. Rb6 Nf8 45. Rc6 Qa5 46. Qd1 Qa2+ 47. Kh1 Qf2
48. Qe1 Ra2 0-1

[Event "Offene Hessische Senioren Einzelmeisters"]
[Site "Bad Sooden- Allendorf"]
[Date "2011.04.30"]
[Round "1.35"]
[White "Arp, Frans"]
[Black "Schmieder, Wolfgang"]
[Result "1-0"]
[WhiteElo "2101"]
[BlackElo "1868"]
[PlyCount "49"]
[EventDate "2011.??.??"]

1. e4 c5 2. Nf3 d6 3. d4 cxd4 4. Nxd4 Nf6 5. Nc3 a6 6. Bg5 e6 7. f4 Be7 8. Qf3
Qc7 9. O-O-O Nc6 10. g4 Bd7 11. Nxc6 Bxc6 12. Bd3 O-O-O 13. Rhe1 h6 14. Bxf6
Bxf6 15. Bc4 Kb8 $11 16. Bb3 Rd7 17. Re3 Rhd8 18. Red3 Bxc3 19. Rxc3 Qa5 20.
Qe3 d5 21. exd5 Bxd5 22. Qe5+ Ka7 23. Rcd3 Qb5 24. f5 Bc4 25. Qe3+ 1-0

[Event "Offene Hessische Senioren Einzelmeisters"]
[Site "Bad Sooden- Allendorf"]
[Date "2011.04.30"]
[Round "1.36"]
[White "Simon, Götz-Jochen"]
[Black "Gousseinov, Aguif"]
[Result "0-1"]
[WhiteElo "1862"]
[BlackElo "1979"]
[PlyCount "67"]
[EventDate "2011.??.??"]

1. e4 e5 2. Nf3 Nf6 3. Nc3 Bb4 4. Bc4 Nc6 5. O-O O-O 6. Re1 d6 7. h3 a6 8. a3
Bc5 9. b4 Bb6 10. d3 h6 11. Bd2 Bd7 12. Ne2 Qe7 13. Ng3 Nh7 14. Nf5 Bxf5 15.
exf5 Qd7 16. g4 Kh8 17. Bd5 Nd8 18. Be3 Bxe3 19. Rxe3 c6 20. Bb3 g6 21. fxg6
fxg6 22. d4 e4 23. Rxe4 d5 24. Re3 Nf7 25. Qd3 Kg7 26. Rae1 Rae8 27. c3 Nhg5
28. Nxg5 Nxg5 29. Kg2 Ne6 30. Kf1 Qf7 31. Qd2 Qf4 32. Bd1 Qh2 33. Rxe6 Qh1+ 34.
Ke2 0-1

[Event "Offene Hessische Senioren Einzelmeisters"]
[Site "Bad Sooden- Allendorf"]
[Date "2011.04.30"]
[Round "1.37"]
[White "Hunold, Rolf"]
[Black "Rüggeberg, Wilhelm"]
[Result "1-0"]
[WhiteElo "2122"]
[BlackElo "1918"]
[PlyCount "103"]
[EventDate "2011.??.??"]

1. e4 c5 2. Nf3 d6 3. Bb5+ Bd7 4. Bxd7+ Nxd7 5. O-O e6 6. Re1 Ngf6 7. c3 Be7 8.
d4 O-O 9. e5 dxe5 10. dxe5 Nd5 11. Qe2 Qc7 12. c4 Nb4 13. b3 Rfe8 14. Bb2 Rad8
15. Nc3 a6 16. Rad1 Nf8 17. h4 Rxd1 18. Rxd1 Rd8 19. a3 Nc6 20. Qe4 Rxd1+ 21.
Nxd1 h6 22. h5 Qd8 23. Ne3 Nh7 24. Bc3 Ng5 25. Nxg5 Bxg5 26. f4 Be7 27. Kf2 Qd7
28. Ke2 b6 29. Qd3 Qxd3+ 30. Kxd3 Kf8 31. Ng4 Ke8 32. Nf2 Kd7 33. Ne4 a5 34. g4
Bf8 35. g5 Be7 36. gxh6 gxh6 37. Nf2 Bf8 38. Ng4 Bg7 39. Ke4 Ne7 40. Ne3 Kc6
$11 41. b4 axb4 42. axb4 b5 43. bxc5 bxc4 44. Nxc4 Kxc5 45. Nd6 Nf5 46. Nxf5
exf5+ 47. Kxf5 Kd5 48. Bb4 Kc6 49. e6 fxe6+ 50. Kxe6 Kb5 51. Be7 Kc4 52. f5 1-0

[Event "Offene Hessische Senioren Einzelmeisters"]
[Site "Bad Sooden- Allendorf"]
[Date "2011.04.30"]
[Round "1.38"]
[White "Alefs, Heinz"]
[Black "Thieme, Hans"]
[Result "0-1"]
[WhiteElo "1839"]
[BlackElo "2101"]
[PlyCount "84"]
[EventDate "2011.??.??"]

1. Nf3 Nf6 2. d4 e6 3. Bf4 c5 4. e3 Qb6 5. Qc1 Nh5 6. Bg3 Nc6 7. c3 Nxg3 8.
hxg3 d5 9. Bd3 f5 10. Nbd2 Bd7 11. Rb1 Be7 12. Qd1 c4 13. Bc2 Qc7 14. Ng5 g6
15. Rxh7 Rxh7 16. Nxh7 Kf7 17. Nf3 Qd8 18. Kd2 Kg7 19. Qh1 Qa5 20. Nhg5 Rh8 21.
Nh3 g5 22. Nfxg5 Bxg5 23. Qd1 Bf6 24. g4 Qd8 25. f4 $11 Kf7 26. g5 Bg7 27. Qf3
Ne7 28. g4 Rh4 29. gxf5 exf5 30. Rg1 Qh8 31. Rg3 Be6 32. Qg2 Ng6 33. b3 b5 34.
b4 Bf8 35. a4 bxa4 36. Bxa4 Bd6 37. Bc6 Nxf4 38. g6+ Kg7 39. Qf3 Nxh3 40. Bxd5
Bxd5 41. Qxd5 Bxg3 42. Qf7+ Kh6 0-1

[Event "Offene Hessische Senioren Einzelmeisters"]
[Site "Bad Sooden- Allendorf"]
[Date "2011.04.30"]
[Round "1.39"]
[White "Geisensetter, Franz"]
[Black "Krüger, Bernhard"]
[Result "1-0"]
[WhiteElo "2082"]
[BlackElo "1789"]
[PlyCount "57"]
[EventDate "2011.??.??"]

1. e4 d5 2. exd5 Qxd5 3. Nc3 Qd6 4. Bc4 Nf6 5. Nge2 a6 6. O-O b5 7. Bb3 Bb7 8.
d4 e6 9. Bf4 Qd7 10. Re1 Bd6 11. d5 e5 12. Ng3 O-O 13. Bxe5 Bxe5 14. Rxe5 Qd6
15. Re1 Bc8 16. Nce4 Nxe4 17. Nxe4 Qg6 18. Qf3 Bf5 19. d6 Bxe4 20. Rxe4 Qxd6
21. Rd1 Qc5 22. Re8 Nc6 23. Rxa8 Rxa8 24. Qxf7+ Kh8 25. Re1 Ne5 26. Qd5 Qxd5
27. Bxd5 Rd8 28. Rxe5 c6 29. Bf3 1-0

[Event "Offene Hessische Senioren Einzelmeisters"]
[Site "Bad Sooden- Allendorf"]
[Date "2011.04.30"]
[Round "1.40"]
[White "Droese, Dr. Manfred"]
[Black "Hobusch, Werner"]
[Result "1/2-1/2"]
[WhiteElo "1844"]
[BlackElo "2150"]
[PlyCount "44"]
[EventDate "2011.??.??"]

1. Nf3 c5 2. c4 Nc6 3. Nc3 g6 4. d4 cxd4 5. Nxd4 Bg7 6. Nc2 Nf6 7. e4 O-O 8.
Be2 d6 9. O-O Bd7 10. Be3 Qc8 11. f3 Na5 12. Na3 b6 13. Rc1 Qb7 14. Qd2 Rac8
15. b3 Be6 16. Bh6 Nc6 17. Bxg7 Kxg7 18. Rfd1 Ng8 19. Ncb5 f6 20. Nd4 Nxd4 21.
Qxd4 Qc6 22. Kh1 Qc5 1/2-1/2

[Event "Offene Hessische Senioren Einzelmeisters"]
[Site "Bad Sooden- Allendorf"]
[Date "2011.04.30"]
[Round "1.41"]
[White "Krebs, Dietmar"]
[Black "Strozewski, Günter"]
[Result "1-0"]
[WhiteElo "2118"]
[BlackElo "1865"]
[PlyCount "75"]
[EventDate "2011.??.??"]

1. e4 e5 2. f4 d5 3. exd5 Qxd5 4. Nc3 Qa5 5. fxe5 Qxe5+ 6. Be2 Bg4 7. d4 Qe6 8.
Bf4 c6 9. Qd3 Bb4 10. Nf3 Bf5 11. Qd2 Ne7 12. O-O O-O 13. Bd3 Bxd3 14. Qxd3 h6
15. Rae1 Qg6 16. Re4 Bxc3 17. bxc3 Nd5 18. Ne5 Qh5 19. Bd2 Nf6 20. Re3 Nbd7 21.
Nxd7 Nxd7 $11 22. Re7 Rad8 23. Qg3 b6 24. Qc7 Nf6 25. Qxc6 Ng4 26. h3 Nf6 27.
Qf3 Qg6 28. Qd3 Qh5 29. Qf5 Qh4 30. Be1 Qh5 31. Qxh5 Nxh5 32. g4 Nf6 33. Bh4
Nd5 34. Rxa7 Ra8 35. Rfxf7 Nxc3 36. Rxg7+ Kh8 37. Rh7+ Kg8 38. Rag7# 1-0

[Event "Offene Hessische Senioren Einzelmeisters"]
[Site "Bad Sooden- Allendorf"]
[Date "2011.04.30"]
[Round "1.42"]
[White "Grams, Arthur"]
[Black "Heinzel, Peter"]
[Result "1/2-1/2"]
[WhiteElo "1940"]
[BlackElo "2078"]
[PlyCount "39"]
[EventDate "2011.??.??"]

1. Nf3 Nf6 2. d4 g6 3. Bg5 Bg7 4. e3 c6 5. Nbd2 d5 6. c3 O-O 7. c4 Bg4 8. Qb3
b6 9. Ne5 Bc8 10. Rc1 Bb7 11. Be2 Nbd7 12. Nxd7 Nxd7 13. O-O Nf6 14. Nf3 h6 15.
Bh4 Kh7 16. Bd3 Ne4 17. cxd5 cxd5 18. Rc2 f5 19. Rfc1 Rc8 20. Qa3 1/2-1/2

[Event "Offene Hessische Senioren Einzelmeisters"]
[Site "Bad Sooden- Allendorf"]
[Date "2011.04.30"]
[Round "1.43"]
[White "Kahn, Peter"]
[Black "Gelzinnus, Siegfried"]
[Result "1-0"]
[WhiteElo "2083"]
[BlackElo "1821"]
[PlyCount "87"]
[EventDate "2011.??.??"]

1. e4 c6 2. Nf3 d5 3. Nc3 dxe4 4. Nxe4 Nd7 5. Qe2 Ndf6 6. d4 Nxe4 7. Qxe4 Nf6
8. Qh4 Bg4 9. Be2 e6 10. h3 Bf5 11. c3 h6 12. Ne5 Ne4 13. Qxd8+ Rxd8 14. Bf4
Bd6 15. f3 Nf6 16. g4 Nd5 17. Bh2 Bh7 18. O-O-O f6 19. Nd3 Bxh2 20. Rxh2 b6 21.
Nf2 Kd7 22. Bd3 Bxd3 23. Nxd3 Kc7 24. Re1 Rhe8 25. Rhe2 Rd6 26. c4 Ne7 27. Rxe6
Rxe6 28. Rxe6 Kd7 29. Re4 Ng6 30. Rxe8 Kxe8 31. Kd2 Ke7 32. f4 Nh4 33. Ke3 Ng6
34. Ke4 Kd6 35. c5+ Kd7 36. f5 Ne7 37. Nf4 Ke8 38. b4 Kf7 39. d5 cxd5+ 40. Nxd5
Ke8 41. Nxe7 Kxe7 42. cxb6 axb6 43. Kd5 Kd7 44. b5 1-0

[Event "Offene Hessische Senioren Einzelmeisters"]
[Site "Bad Sooden- Allendorf"]
[Date "2011.04.30"]
[Round "1.44"]
[White "van Vorselen, Theo"]
[Black "Haase, Wolfgang"]
[Result "0-1"]
[WhiteElo "1858"]
[BlackElo "2100"]
[PlyCount "124"]
[EventDate "2011.??.??"]

1. e4 c5 2. Nf3 g6 3. d4 Bg7 4. Nc3 Nc6 5. Be3 cxd4 6. Nxd4 Nf6 7. Nb3 d6 8.
Be2 O-O 9. O-O Bd7 10. f4 Qc7 11. Bf3 Na5 12. Nxa5 Qxa5 13. Qd2 Qc7 14. h3 Bc6
15. Rad1 b5 16. a3 a5 17. Bd4 Qb7 18. e5 Bxf3 19. Rxf3 dxe5 20. Bxe5 b4 21.
axb4 axb4 22. Nd5 Nxd5 23. Qxd5 Qxd5 24. Rxd5 Rfc8 25. Bxg7 Kxg7 26. Rb5 Rc4
27. c3 bxc3 28. bxc3 Ra3 29. Rb7 Kf6 30. g4 Rcxc3 31. Rxc3 Rxc3 32. Kg2 Re3 33.
Rb6+ Re6 34. Rb5 h6 35. Kf3 Re1 36. Rb6+ e6 37. Rb7 g5 38. Kf2 Rd1 39. fxg5+
hxg5 40. Rb3 Rd4 41. Rf3+ Ke7 42. Re3 Rf4+ 43. Kg3 Rf1 44. Re5 f6 45. Rb5 Rd1
46. Rb7+ Kd6 47. Rf7 Ke5 48. Rb7 Rd3+ 49. Kg2 f5 50. gxf5 exf5 51. Rb5+ Ke4 52.
Rb4+ Rd4 53. Rb5 Kf4 54. Rb2 Re4 55. Rf2+ Ke5 56. Kg3 Re3+ 57. Kg2 f4 58. Rf3
Ke4 59. Rf1 Re2+ 60. Rf2 f3+ 61. Kg3 Rxf2 62. Kxf2 Kf4 0-1

[Event "Offene Hessische Senioren Einzelmeisters"]
[Site "Bad Sooden- Allendorf"]
[Date "2011.04.30"]
[Round "1.45"]
[White "Papapostolou, Christo"]
[Black "Burkardt, Robert"]
[Result "1-0"]
[WhiteElo "2105"]
[BlackElo "1834"]
[PlyCount "46"]
[EventDate "2011.??.??"]

1. e4 e5 2. Nf3 Nc6 3. Bb5 d6 4. d4 exd4 5. Nxd4 Bd7 6. Nc3 Nxd4 7. Qxd4 Bxb5
8. Nxb5 a6 9. Nc3 Nf6 10. Bg5 Be7 11. O-O-O O-O 12. e5 Nd7 13. Bxe7 Qxe7 14.
exd6 cxd6 15. Rhe1 Qf6 16. Qxd6 Qxd6 17. Rxd6 Nf6 18. Rb6 Rfb8 19. Re7 Ra7 20.
f4 Kf8 21. Rc7 Ne8 22. Rd7 Nf6 23. Rd4 Ke7 {10 weitere Züge nicht
rekonstruierbar} 1-0

[Event "Offene Hessische Senioren Einzelmeisters"]
[Site "Bad Sooden- Allendorf"]
[Date "2011.04.30"]
[Round "1.46"]
[White "Viererbe, Hartmut"]
[Black "Noble, Alexander"]
[Result "1/2-1/2"]
[WhiteElo "1893"]
[BlackElo "2045"]
[PlyCount "68"]
[EventDate "2011.??.??"]

1. Nf3 Nf6 2. c4 e6 3. b3 b6 4. Bb2 Bb7 5. e3 Be7 6. Nc3 O-O 7. Qc2 d6 8. d4
Nbd7 9. Bd3 c5 10. O-O-O a6 11. Kb1 Qc7 12. Ng5 h6 13. Nge4 Rfd8 14. Nxf6+ Nxf6
15. d5 exd5 16. cxd5 b5 17. e4 Bf8 18. Ne2 Qe7 19. Ng3 g6 20. Rhe1 Bg7 21. f4
Ne8 22. Bxg7 Nxg7 23. Qb2 Qh4 24. Qf2 Nh5 25. Rf1 Ng7 26. f5 Rf8 27. f6 Nh5 28.
Nxh5 Qxf2 29. Rxf2 gxh5 30. Rf5 Bc8 31. Rxh5 Bg4 32. Rxh6 Bxd1 33. e5 Rfd8 34.
Bh7+ Kh8 1/2-1/2

[Event "Offene Hessische Senioren Einzelmeisters"]
[Site "Bad Sooden- Allendorf"]
[Date "2011.04.30"]
[Round "1.47"]
[White "Grabitz, Dr. Georg"]
[Black "Schiller, Hans"]
[Result "1/2-1/2"]
[WhiteElo "2093"]
[BlackElo "1856"]
[PlyCount "56"]
[EventDate "2011.??.??"]

1. d4 d5 2. Bf4 Nf6 3. e3 Bf5 4. c4 e6 5. Nc3 c6 6. Qb3 Qb6 7. c5 Qxb3 8. axb3
Nbd7 9. b4 Be7 10. Nf3 h6 11. h3 O-O 12. b5 Nb8 13. Be2 Ne4 14. Na4 f6 15. Nb6
axb6 16. Rxa8 Nd7 17. Rxf8+ Kxf8 18. O-O bxc5 19. bxc6 bxc6 20. Ra1 cxd4 21.
Nxd4 c5 22. Nxf5 exf5 23. Rd1 Nb6 24. Bb5 Nd6 25. Bxd6 Bxd6 26. Bc6 Be5 27. f4
Bxb2 28. Rb1 Nc4 1/2-1/2

[Event "Offene Hessische Senioren Einzelmeisters"]
[Site "Bad Sooden- Allendorf"]
[Date "2011.04.30"]
[Round "1.48"]
[White "Fritsch, Wolfgang"]
[Black "Mentel, Dr. Jürgen"]
[Result "1/2-1/2"]
[WhiteElo "1847"]
[BlackElo "2129"]
[PlyCount "60"]
[EventDate "2011.??.??"]

1. e4 c5 2. Nf3 a6 3. c4 Nc6 4. d4 cxd4 5. Nxd4 Qc7 6. Nxc6 dxc6 7. Nc3 e5 8.
Be2 Be6 9. Be3 Nf6 10. O-O Be7 11. f3 O-O 12. Qc2 Nd7 13. a3 a5 14. Na4 b6 15.
Rfd1 Rab8 16. Rab1 Rfc8 17. Nc3 b5 18. cxb5 cxb5 19. Qd3 Nc5 20. Nd5 Nxd3 21.
Nxc7 Rxc7 22. Bxd3 b4 23. axb4 Bxb4 24. Rbc1 Rd7 25. Be2 Rxd1+ 26. Rxd1 Be7 27.
Bc1 Bc5+ 28. Kf1 Bd4 29. Bd2 Bb3 30. Rb1 a4 1/2-1/2

[Event "Offene Hessische Senioren Einzelmeisters"]
[Site "Bad Sooden- Allendorf"]
[Date "2011.04.30"]
[Round "1.49"]
[White "Schwertel, Johann"]
[Black "Jobski, Werner"]
[Result "1-0"]
[WhiteElo "2026"]
[BlackElo "1860"]
[PlyCount "77"]
[EventDate "2011.??.??"]

1. d4 Nf6 2. c4 e5 3. Nf3 exd4 4. Nxd4 Bc5 5. Nc3 O-O 6. Bg5 Nc6 7. Nxc6 bxc6
8. e3 Re8 9. Be2 h6 10. Bh4 Be7 11. O-O Bb7 12. Qc2 Nh7 13. Bg3 Bd6 14. Rad1
Bxg3 15. hxg3 Ng5 16. Qf5 d6 17. Rfe1 Qe7 18. Qc2 Bc8 19. Qa4 Bd7 20. Rd2 Ne4
21. Nxe4 Qxe4 22. Bf3 Qe7 23. Bxc6 Bxc6 24. Qxc6 Rab8 25. Qa6 Qe4 26. b3 Qb7
27. Qa5 Qb4 28. Qd5 Re5 29. Qf3 Rbe8 30. Red1 R8e6 31. Qe2 c6 32. Rd3 Qc5 33.
Qd2 a5 34. Rxd6 a4 35. Rd8+ Kh7 36. Qc2+ g6 37. R1d7 Kg7 38. Qc3 Rf6 39. b4 1-0

[Event "Offene Hessische Senioren Einzelmeisters"]
[Site "Bad Sooden- Allendorf"]
[Date "2011.04.30"]
[Round "1.50"]
[White "Alefs, Willi"]
[Black "Bachmann, Rolf"]
[Result "1/2-1/2"]
[WhiteElo "1907"]
[BlackElo "2039"]
[PlyCount "108"]
[EventDate "2011.??.??"]

1. c4 Nf6 2. Nc3 g6 3. d4 Bg7 4. e4 d6 5. Bg5 O-O 6. Nf3 c6 7. Qd2 Qa5 8. Be2
Rd8 9. Rd1 Bg4 10. O-O Nbd7 11. h3 Bxf3 12. Bxf3 Rac8 13. Rfe1 a6 14. Bh4 h6
15. a3 e5 16. d5 c5 17. Bg4 g5 18. Bg3 Nxg4 19. hxg4 b5 20. Qd3 bxc4 21. Qxc4
Rb8 22. Re2 Rb7 23. Rb1 Rdb8 24. f3 Nb6 25. Qa2 Na4 26. Be1 Nxc3 27. Bxc3 Qa4
28. b4 a5 29. Qc4 Bf6 30. Reb2 Bd8 31. Qb3 Qxb3 32. Rxb3 axb4 33. axb4 Ba5 34.
Kf2 cxb4 35. Bd2 Kf8 $11 36. g3 Rc7 37. Ke2 Rc2 38. R1b2 Rbc8 39. Kd3 Rxb2 40.
Rxb2 Ke7 41. Bxb4 Bxb4 42. Rxb4 Rc1 43. Ke3 Rc3+ 44. Kf2 Rc2+ 45. Ke3 Rc3+ 46.
Ke2 Rc2+ 47. Kd3 Rg2 48. Rb7+ Ke8 49. Rb8+ Ke7 50. Rh8 Rxg3 51. Ke3 Rh3 52. Kf2
Rh4 53. Kg2 Kf6 54. Rd8 Ke7 1/2-1/2

[Event "Offene Hessische Senioren Einzelmeisters"]
[Site "Bad Sooden- Allendorf"]
[Date "2011.04.30"]
[Round "1.51"]
[White "Peleikis, Horst"]
[Black "Bill, Eugen"]
[Result "1-0"]
[WhiteElo "2064"]
[BlackElo "1873"]
[PlyCount "59"]
[EventDate "2011.??.??"]

1. e4 e5 2. Nf3 Nc6 3. Bb5 a6 4. Ba4 b5 5. Bb3 Bc5 6. c3 d6 7. d4 exd4 8. cxd4
Bb6 9. O-O Bg4 10. Be3 Nf6 11. h3 Bxf3 12. gxf3 Qd7 13. Kh2 Na5 14. Bc2 Nc4 15.
Bc1 c5 16. b3 Na5 17. d5 c4 18. b4 Nb7 19. a4 O-O 20. a5 Ba7 21. Nc3 Qe7 22. f4
Rae8 23. Ra3 g6 24. Qf3 Bd4 25. Ne2 Ba7 26. Ng3 Nd8 27. Bb2 Nb7 28. Qc3 Kg7 29.
Rg1 Bxf2 30. Nf5+ 1-0

[Event "Offene Hessische Senioren Einzelmeisters"]
[Site "Bad Sooden- Allendorf"]
[Date "2011.04.30"]
[Round "1.52"]
[White "Samarian, Cornel"]
[Black "Romanow, Werner"]
[Result "0-1"]
[WhiteElo "1757"]
[BlackElo "2097"]
[PlyCount "50"]
[EventDate "2011.??.??"]

1. d4 Nf6 2. c4 c5 3. e3 cxd4 4. exd4 d5 5. Nf3 Nc6 6. cxd5 Nxd5 7. Be2 e6 8.
O-O Be7 9. b3 O-O 10. Bb2 b6 11. Nbd2 Bb7 12. Rc1 Nf4 13. g3 Nxe2+ 14. Qxe2 Qd5
15. Qe4 Qh5 16. Ne1 Bb4 17. Qf3 Qg6 18. Nc4 Rab8 19. Qe2 Bxe1 20. Rfxe1 Rfd8
21. Ne5 Nxe5 22. dxe5 Rd7 23. Rc2 Ba6 24. Rec1 Bxe2 25. Rc8+ Rd8 0-1

[Event "Offene Hessische Senioren Einzelmeisters"]
[Site "Bad Sooden- Allendorf"]
[Date "2011.04.30"]
[Round "1.53"]
[White "Kotlar, Alfred"]
[Black "van Houten, Henk"]
[Result "1-0"]
[WhiteElo "2068"]
[BlackElo "1839"]
[PlyCount "53"]
[EventDate "2011.??.??"]

1. d4 d5 2. Nf3 Nf6 3. Bf4 e6 4. Nbd2 Be7 5. e3 O-O 6. h3 Nbd7 7. Bd3 Re8 8.
O-O Nf8 9. Ne5 N6d7 10. c4 c6 11. Rc1 f6 12. Nef3 f5 13. cxd5 exd5 14. Bxf5 Nf6
15. Bxc8 Rxc8 16. Qb3 Qb6 17. a3 Kh8 18. Rc2 Ng6 19. Bh2 Qxb3 20. Nxb3 Ne4 21.
Rfc1 Bf8 22. Ne5 Nxe5 23. Bxe5 c5 24. f3 Nf6 25. Nxc5 Bxc5 26. Rxc5 Rxc5 27.
Rxc5 1-0

[Event "Offene Hessische Senioren Einzelmeisters"]
[Site "Bad Sooden- Allendorf"]
[Date "2011.04.30"]
[Round "1.54"]
[White "Hopp, Dr. Barbara"]
[Black "Duijker, Bert"]
[Result "0-1"]
[WhiteElo "1799"]
[BlackElo "1867"]
[PlyCount "88"]
[EventDate "2011.??.??"]

1. d4 g6 2. Nf3 Bg7 3. e4 d6 4. Bc4 Nf6 5. Nbd2 O-O 6. h3 a6 7. O-O b5 8. Bb3
Bb7 9. Qe2 Nbd7 10. c3 c5 11. d5 c4 12. Bc2 Nc5 13. Rd1 Nfd7 14. Nf1 Ne5 15.
Nxe5 Bxe5 16. Bh6 Bg7 17. Bxg7 Kxg7 18. Nh2 f6 19. Qe3 Bc8 20. f4 Nd7 21. Qg3
Qb6+ 22. Kh1 a5 23. Nf3 Nc5 24. Nd4 Bd7 25. f5 g5 26. Ne6+ Bxe6 27. dxe6 a4 28.
a3 Rh8 29. Rab1 Rag8 30. Rd4 h5 31. Rbd1 Nb7 32. Kg1 Na5 33. Kf1 Nb7 34. R1d2
Rd8 35. Rd5 h4 36. Qf3 Na5 37. R2d4 Nc6 38. Rd2 Ne5 39. Qe2 g4 40. hxg4 h3 41.
gxh3 Rxh3 42. Qg2 Rdh8 43. Rf2 Qe3 44. Rdd2 Rh1+ 0-1

[Event "Offene Hessische Senioren Einzelmeisters"]
[Site "Bad Sooden- Allendorf"]
[Date "2011.04.30"]
[Round "1.55"]
[White "Lewald, Stephan"]
[Black "Hampe, Werner"]
[Result "1-0"]
[WhiteElo "2046"]
[BlackElo "1834"]
[PlyCount "119"]
[EventDate "2011.??.??"]

1. e4 e5 2. Nf3 Nc6 3. Bb5 a6 4. Ba4 Nf6 5. O-O d6 6. Re1 Be7 7. c3 O-O 8. h3
b5 9. Bc2 Bb7 10. d4 exd4 11. cxd4 Nb4 12. Nc3 Nxc2 13. Qxc2 h6 14. Bf4 Rc8 15.
Rad1 Nh7 16. d5 Ng5 17. Nd4 c5 18. dxc6 Bxc6 19. Nxc6 Rxc6 20. Qd2 Ne6 21. Bg3
Nc7 22. Qe2 b4 23. Nd5 a5 24. Ne3 g6 25. Qf3 Qc8 26. Nd5 Nxd5 27. exd5 Rc7 28.
Rxe7 Rxe7 29. Bxd6 Rd7 30. Bxf8 Kxf8 31. Qf6 Kg8 32. d6 Qc6 33. Qf4 Kh7 34. Qf6
Kg8 35. b3 h5 36. Qe5 a4 $11 37. Rd4 axb3 38. axb3 Kh7 39. Qe8 Kg7 40. Qe5+ Kh7
41. h4 Qc2 42. Qe3 Qc5 43. Qd2 Qc3 44. Qd1 Qc5 45. Rd5 Qc3 46. g3 Kg7 47. Rd3
Qc5 48. Qa1+ Kh7 49. Qf6 Qc1+ 50. Kh2 Qc5 51. Kg2 Qc6+ 52. Qf3 Qc5 53. Rd5 Qc3
54. Rxh5+ gxh5 55. Qxh5+ Kg7 56. Qg4+ Kf6 57. Qxd7 Qxb3 58. Qe7+ Kg7 59. d7
Qd5+ 60. Kh2 1-0

[Event "Offene Hessische Senioren Einzelmeisters"]
[Site "Bad Sooden- Allendorf"]
[Date "2011.04.30"]
[Round "1.56"]
[White "Schneidereit, Manfred"]
[Black "Montsma, Foppe Jan"]
[Result "1/2-1/2"]
[WhiteElo "1822"]
[BlackElo "1997"]
[PlyCount "33"]
[EventDate "2011.??.??"]

1. e4 d6 2. Bc4 g6 3. c3 Nf6 4. Qc2 Bg7 5. d4 d5 6. exd5 Nxd5 7. Nf3 O-O 8. O-O
Qd6 9. Nbd2 Bf5 10. Ne4 Bxe4 11. Qxe4 c6 12. Re1 e6 13. Bxd5 cxd5 14. Qh4 Nd7
15. Bh6 Rfe8 16. Bxg7 Kxg7 17. Ne5 1/2-1/2